Návrh na meranie a zvýšenie výkonnosti výrobných zamestnancov v podniku GUKOM, spol. s r.o.

Saved in:
Bibliographic Details
Main Author: Tokár, Attila (Author)
Other Authors: Bestvinová, Viera (Thesis advisor)
Format: Manuscript Book
Language:Slovak
Published: 2018
Subjects:
Online Access:http://is.stuba.sk/zp/portal_zp.pl?podrobnosti=126285
Tags: Add Tag
No Tags, Be the first to tag this record!

MARC

LEADER 00000ntm a22000003a 4500
001 stuzp62416
003 SK-STU
005 20180820151730.6
007 ta
008 150427s2015----xo-----f-mn---000-0-slo-d
040 |a STU  |b slo 
041 0 |a slo 
100 1 |a Tokár, Attila  |u 064000  |4 aut  |U MTF Materiálovotechnologická fakulta  |T MTF Ústav priemyselného inžinierstva a manažmentu  |X 47064  |U M4000  |Y 84  |7 47064 
242 0 1 |a The proposal to measure and increase the efficiency of production employees in GUKOM, spol. s r.o.  |y eng 
245 1 0 |a Návrh na meranie a zvýšenie výkonnosti výrobných zamestnancov v podniku GUKOM, spol. s r.o. 
260 |c 2018 
650 4 |a motivation  |2 eng 
650 4 |a performance  |2 eng 
650 4 |a performance improvement  |2 eng 
650 4 |a performance measurement  |2 eng 
650 4 |a motivácia  |2 slo 
650 4 |a výkonnosť  |2 slo 
650 4 |a zvýšenie výkonnosti  |2 slo 
650 4 |a merianie výkonnosti  |2 slo 
700 1 |a Bestvinová, Viera  |u 064000  |k Z1  |4 ths  |U MTF Materiálovotechnologická fakulta  |T MTF Ústav priemyselného inžinierstva a manažmentu  |X 1541  |U M4000  |Y 84  |7 A000001541 
856 4 |u http://is.stuba.sk/zp/portal_zp.pl?podrobnosti=126285 
996 |c M* DP-13789  |l MMSKP  |s P  |a 0  |w stuzp62416_0001